| 000 | 00481nam a2200133Ia 4500 | ||
|---|---|---|---|
| 008 | 220620s9999||||xx |||||||||||||| ||und|| | ||
| 022 | _a1879-5838 | ||
| 100 | _aBarbara Senft||Gunter Senft | ||
| 245 | 0 | _aGrowing up on the Trobriand Islands in Papua New Guinea. Childhood and educational ideologies in Tauwema | |
| 546 | _aEnglish[eng] | ||
| 650 | _aPapua New Guinea||Anthropological linguistics||Education||Anthropology | ||
| 856 | _uhttps://doi.org/10.1075/clu.21 | ||
| 942 | _cEB | ||
| 999 |
_c29807 _d29807 |
||